[Event "SVK-chT1W 0203"]
[Site "Slovakia"]
[Date "2003.01.18"]
[Round "7.6"]
[White "Filip, Frantisek"]
[Black "Hrncar, Lubomir"]
[Result "0-1"]
[WhiteElo "1825"]
[BlackElo "2065"]
[PlyCount "96"]
[EventDate "2002.10.12"]
[EventType "team-tourn"]
[EventRounds "11"]
[EventCountry "SVK"]
[SourceTitle "EXT 2005"]
[Source "ChessBase"]
[SourceDate "2004.11.15"]
[SourceVersion "1"]
[SourceVersionDate "2004.11.15"]
[SourceQuality "1"]
[WhiteTeam "Hlohovec"]
[BlackTeam "Pezinok"]
[WhiteTeamCountry "SVK"]
[BlackTeamCountry "SVK"]

1. e4 e6 2. Ne2 d5 3. exd5 exd5 4. Ng3 Nf6 5. d3 Bd6 6. Be2 Be6 7. 0-0 0-0 8. b3 c5 9. Bb2 Nc6 10. Nd2 Ne5 11. d4 cxd4 12. Bxd4 Nc6 13. Bb2 Bf4 14. Nf3 Rc8 15. Bc1 Bd6 16. a3 Ne4 17. Be3 Nc3 18. Qd3 Ne5 19. Nxe5 Bxe5 20. Bf3 Ne4 21. Rad1 Qh4 22. Bxe4 dxe4 23. Qb5 Bxg3 24. fxg3 Qe7 25. b4 Bc4 26. Qf5 Bxf1 27. Rxf1 Rfe8 28. Bc5 Qe6 29. Qf2 e3 30. Qe2 Rcd8 31. Rd1 Rxd1+ 32. Qxd1 e2 33. Qe1 b6 34. Bd4 Qa2 35. c3 Qxa3 36. g4 Qb3 37. Kf2 Qe6 38. h3 Qe4 39. g3 h5 40. gxh5 Qf5+ 41. Kg2 Qxh5 42. Bf2 Qd5+ 43. Kg1 Qe4 44. Bd4 Qf3 45. Bf2 Re6 46. Qd2 Rf6 47. Be1 Qf1+ 48. Kh2 Rf2+ 0-1

[Event "SVK Cup"]
[Site "Martin"]
[Date "2003.??.??"]
[Round "6"]
[White "Csolto, Robert"]
[Black "Hrncar, Lubomir"]
[Result "1-0"]
[WhiteElo "2280"]
[BlackElo "2065"]
[PlyCount "145"]
[EventDate "2003.04.??"]
[EventType "team"]
[EventRounds "7"]
[EventCountry "SVK"]
[SourceTitle "CBM 093 Extra"]
[Source "ChessBase"]
[SourceDate "2003.05.09"]
[SourceVersion "1"]
[SourceVersionDate "2003.05.09"]
[SourceQuality "1"]
[WhiteTeam "Liptov"]
[BlackTeam "Pezinok"]
[WhiteTeamCountry "SVK"]
[BlackTeamCountry "SVK"]

1. e4 e6 2. d4 d5 3. Nc3 Nf6 4. Bg5 Bb4 5. e5 h6 6. Bd2 Bxc3 7. bxc3 Ne4 8. Qg4 Kf8 9. Bd3 Nxd2 10. Kxd2 c5 11. Nf3 Nc6 12. Rhb1 c4 13. Be2 f5 14. exf6 Qxf6 15. Qg3 Kf7 16. h4 Rf8 17. Nh2 Kg8 18. Ng4 Qf4+ 19. Qxf4 Rxf4 20. g3 Rf5 21. f4 b6 22. Re1 Bd7 23. Bf1 h5 24. Nf2 Rf6 25. Nh3 Ne7 26. Be2 Nf5 27. Rg1 Nd6 28. Bf3 Be8 29. Rae1 Bf7 30. Ng5 g6 31. Re5 Kg7 32. Bg2 Re8 33. Bh3 Nb5 34. Rge1 Nc7 35. Kc1 Bg8 36. Kb2 Kf8 37. Bg2 Re7 38. a4 Ke8 39. Ka3 Kd7 40. Bh3 Kd6 41. Kb2 b5 42. Ka3 a6 43. R5e3 Rf8 44. axb5 axb5 45. Kb2 Rb8 46. Ra1 Ra8 47. Ree1 Ree8 48. Reb1 Rxa1 49. Rxa1 Ra8 50. Rxa8 Nxa8 51. Ka3 Nc7 52. Kb4 Kc6 53. Ka5 Kd6 54. Kb6 Ne8 55. Kxb5 Ng7 56. Kb6 Ke7 57. Kc5 Kf6 58. Kd6 Nf5+ 59. Bxf5 Kxf5 60. Ke7 Kg4 61. Kf8 Kxg3 62. Kxg8 Kxh4 63. Kg7 Kg4 64. Kxg6 h4 65. Kf6 Kxf4 66. Nxe6+ Ke3 67. Ng5 Kd2 68. Ke5 Kxc2 69. Kxd5 Kxc3 70. Ke4 Kd2 71. Nf3+ Ke2 72. Nxh4 c3 73. Ng2 1-0

[Event "SVK-chT1W 0203"]
[Site "Slovakia"]
[Date "2002.11.10"]
[Round "4.7"]
[White "Samko, Karol"]
[Black "Hrncar, Lubomir"]
[Result "0-1"]
[WhiteElo "1982"]
[BlackElo "2021"]
[PlyCount "78"]
[EventDate "2002.10.12"]
[EventType "team-tourn"]
[EventRounds "11"]
[EventCountry "SVK"]
[SourceTitle "EXT 2005"]
[Source "ChessBase"]
[SourceDate "2004.11.15"]
[SourceVersion "1"]
[SourceVersionDate "2004.11.15"]
[SourceQuality "1"]
[WhiteTeam "Holic"]
[BlackTeam "Pezinok"]
[WhiteTeamCountry "SVK"]
[BlackTeamCountry "SVK"]

1. e4 e6 2. d3 d5 3. Nd2 Nf6 4. Ngf3 c5 5. g3 Nc6 6. Bg2 b6 7. 0-0 Bb7 8. Re1 Be7 9. e5 Nd7 10. Nf1 Qc7 11. Qe2 Rc8 12. c3 b5 13. Bf4 a5 14. N1d2 h6 15. h4 Ba6 16. Rac1 Nb6 17. Bf1 a4 18. b3 axb3 19. axb3 Ra8 20. Ra1 Kd7 21. Ra2 Ra7 22. Rea1 Rha8 23. Bg2 Bc8 24. Nf1 c4 25. dxc4 bxc4 26. bxc4 Nxc4 27. Rxa7 Rxa7 28. Rxa7 Qxa7 29. Ne3 Qa1+ 30. Bf1 Qxc3 31. Nxc4 dxc4 32. Qd2+ Qxd2 33. Nxd2 c3 34. Ne4 Bb4 35. Bd3 Nd4 36. Be3 Nf3+ 37. Kf1 Nxe5 38. Bc2 Ba6+ 39. Ke1 Nc6 0-1

[Event "SVK-chT1W 0203"]
[Site "Slovakia"]
[Date "2002.10.13"]
[Round "2.6"]
[White "Hrncar, Lubomir"]
[Black "Hecht, Tomas"]
[Result "1/2-1/2"]
[WhiteElo "2011"]
[BlackElo "2050"]
[PlyCount "122"]
[EventDate "2002.10.12"]
[EventType "team-tourn"]
[EventRounds "11"]
[EventCountry "SVK"]
[SourceTitle "EXT 2005"]
[Source "ChessBase"]
[SourceDate "2004.11.15"]
[SourceVersion "1"]
[SourceVersionDate "2004.11.15"]
[SourceQuality "1"]
[WhiteTeam "Pezinok"]
[BlackTeam "Bratislava DP "]
[WhiteTeamCountry "SVK"]
[BlackTeamCountry "SVK"]

1. e4 c5 2. Nf3 Nc6 3. d4 cxd4 4. Nxd4 g6 5. Nxc6 bxc6 6. Qd4 Nf6 7. e5 Nd5 8. e6 f6 9. exd7+ Bxd7 10. Bc4 e5 11. Qh4 Bg7 12. 0-0 Be6 13. Nc3 Qe7 14. Nxd5 cxd5 15. Bb5+ Kf7 16. Bd2 f5 17. Qa4 Rab8 18. Rab1 Qc5 19. Bd7 Rhd8 20. Bxe6+ Kxe6 21. b4 Qc7 22. b5 Rd7 23. Ba5 Qc5 24. Rfe1 Rdb7 25. b6 axb6 26. Bb4 Qc4 27. Qa3 Kf7 28. Bd6 Re8 29. Rxb6 Rxb6 30. Qa7+ Kg8 31. Qxb6 Qxa2 32. Qc6 Qa8 33. Qb6 e4 34. h3 Qd8 35. Qc5 Re6 36. Bc7 Qd7 37. Bf4 Rc6 38. Qb5 Rc7 39. Qb3 Rb7 40. Qa2 Ra7 41. Qb3 Qb7 42. Qg3 Ra2 43. c3 Qb2 44. Rd1 Ra1 45. Rxa1 Qxa1+ 46. Kh2 Bxc3 47. Qg5 Bf6 48. Qh6 d4 49. Bd6 Qa8 50. g4 Qd8 51. Qf4 g5 52. Qg3 f4 53. Qb3+ Kh8 54. Qe6 e3 55. fxe3 fxe3 56. h4 e2 57. Be5 Kg7 58. hxg5 Bxe5+ 59. Qxe5+ Kg8 60. Qe6+ Kf8 61. Qxe2 d3 1/2-1/2

[Event "SVK-chT1W 0203"]
[Site "Slovakia"]
[Date "2002.10.12"]
[Round "1.6"]
[White "Mandak, Miroslav"]
[Black "Hrncar, Lubomir"]
[Result "1/2-1/2"]
[WhiteElo "2060"]
[BlackElo "2011"]
[PlyCount "95"]
[EventDate "2002.10.12"]
[EventType "team-tourn"]
[EventRounds "11"]
[EventCountry "SVK"]
[SourceTitle "EXT 2005"]
[Source "ChessBase"]
[SourceDate "2004.11.15"]
[SourceVersion "1"]
[SourceVersionDate "2004.11.15"]
[SourceQuality "1"]
[WhiteTeam "Bratislava Doprastav"]
[BlackTeam "Pezinok"]
[WhiteTeamCountry "SVK"]
[BlackTeamCountry "SVK"]

1. b3 b6 2. Bb2 Bb7 3. d3 d6 4. e4 e5 5. Nf3 Nf6 6. Nc3 Nbd7 7. Be2 Nc5 8. Qd2 Be7 9. 0-0 Ne6 10. Rfe1 0-0 11. Bf1 Nh5 12. d4 exd4 13. Nxd4 Bg5 14. Qd1 Nxd4 15. Qxd4 Qf6 16. Nd5 Qxd4 17. Bxd4 c6 18. Be3 Bd8 19. Nf4 Nf6 20. f3 Bc7 21. c4 d5 22. exd5 cxd5 23. cxd5 Nxd5 24. Nxd5 Bxd5 25. Rac1 Bd8 26. Red1 Be6 27. Bb5 Rc8 28. Rxc8 Bxc8 29. Bf4 Be7 30. Kf2 Bf5 31. Rd5 Be6 32. Rd2 Rd8 33. Rxd8+ Bxd8 34. Ke3 Be7 35. Kd4 Kf8 36. Bb8 a5 37. Ke5 Kg8 38. Bc4 Bc8 39. a4 Kf8 40. Bc7 f6+ 41. Ke4 Bc5 42. Bd5 Ke7 43. f4 Kd7 44. Bb8 Ba6 45. f5 Bd6 46. Bxd6 Kxd6 47. Kd4 Bc8 48. Be4 1/2-1/2

[Event "SVK-chB op"]
[Site "Kaskady"]
[Date "2002.07.06"]
[Round "8.29"]
[White "Hrncar, Lubomir"]
[Black "Nagy, Attila"]
[Result "1/2-1/2"]
[WhiteElo "2011"]
[BlackElo "2089"]
[PlyCount "36"]
[EventDate "2002.06.29"]
[EventType "swiss"]
[EventRounds "9"]
[EventCountry "SVK"]
[SourceTitle "CBM 089 Extra"]
[Source "ChessBase"]
[SourceDate "2002.09.10"]
[SourceVersion "2"]
[SourceVersionDate "2002.09.10"]
[SourceQuality "1"]

1. e4 c5 2. Nf3 Nc6 3. d4 cxd4 4. Nxd4 e6 5. c4 Qc7 6. Be2 Nf6 7. Nc3 Bb4 8. Ndb5 Qb8 9. a3 Be7 10. 0-0 a6 11. Nd4 b6 12. Nxc6 dxc6 13. f4 0-0 14. e5 Ne8 15. Bd3 g6 16. Rf3 f6 17. Rh3 Ra7 18. Kh1 Rd7 1/2-1/2

[Event "SVK-chB op"]
[Site "Kaskady"]
[Date "2002.07.04"]
[Round "6.33"]
[White "Hrncar, Lubomir"]
[Black "Androvic, Peter"]
[Result "1-0"]
[WhiteElo "2011"]
[BlackElo "2058"]
[PlyCount "113"]
[EventDate "2002.06.29"]
[EventType "swiss"]
[EventRounds "9"]
[EventCountry "SVK"]
[SourceTitle "CBM 089 Extra"]
[Source "ChessBase"]
[SourceDate "2002.09.10"]
[SourceVersion "2"]
[SourceVersionDate "2002.09.10"]
[SourceQuality "1"]

1. e4 c5 2. Nf3 Nc6 3. d4 cxd4 4. Nxd4 d6 5. Be2 Nf6 6. Nc3 g6 7. 0-0 Bg7 8. Be3 0-0 9. f3 Bd7 10. Qd2 Re8 11. Nxc6 bxc6 12. Bc4 Qc7 13. Rfd1 Red8 14. Rab1 a5 15. Na4 c5 16. Nc3 Rab8 17. b3 Bc6 18. Nd5 Nxd5 19. exd5 Bd7 20. Bg5 f6 21. Bh6 Bh8 22. Re1 Bb5 23. Bxb5 Rxb5 24. Qe2 Qd7 25. Qxe7 Rb7 26. Qxd7 Rbxd7 27. Re6 Kf7 28. Rbe1 Rc8 29. c4 a4 30. Bf4 axb3 31. axb3 Rcd8 32. Ra1 Bg7 33. Ra6 Bf8 34. Rb6 g5 35. Bg3 Be7 36. f4 h6 37. fxg5 hxg5 38. h4 Kg6 39. hxg5 Kxg5 40. Kf2 Kg4 41. Re4+ Kf5 42. Kf3 Bf8 43. Re6 Kg5 44. Bf4+ Kg6 45. g4 Kf7 46. Ke4 Re8 47. Kf5 Red8 48. Rxf6+ Ke8 49. Re6+ Kf7 50. g5 Be7 51. g6+ Kg7 52. Bg5 Rf8+ 53. Kg4 Bxg5 54. Kxg5 Rfd8 55. Rf6 Kg8 56. Kh6 Kh8 57. Rf7 1-0

[Event "SVK-chB op"]
[Site "Kaskady"]
[Date "2002.07.02"]
[Round "4.30"]
[White "Toth Vano, Peter"]
[Black "Hrncar, Lubomir"]
[Result "1-0"]
[WhiteElo "2110"]
[BlackElo "2011"]
[PlyCount "42"]
[EventDate "2002.06.29"]
[EventType "swiss"]
[EventRounds "9"]
[EventCountry "SVK"]
[SourceTitle "CBM 089 Extra"]
[Source "ChessBase"]
[SourceDate "2002.09.10"]
[SourceVersion "2"]
[SourceVersionDate "2002.09.10"]
[SourceQuality "1"]

1. e4 e6 2. d4 d5 3. Nd2 Nf6 4. e5 Nfd7 5. f4 c5 6. c3 Nc6 7. Ndf3 Qb6 8. g3 cxd4 9. cxd4 Bb4+ 10. Kf2 0-0 11. Be3 f5 12. Ng5 h6 13. Nxe6 Re8 14. Bh3 Rxe6 15. Bxf5 Re8 16. Qh5 Nf6 17. exf6 Bxf5 18. f7+ Kf8 19. fxe8Q+ Rxe8 20. Qxf5+ Kg8 21. Qxd5+ Kh8 1-0